Jalisco desde la Revolución : la Iglesia y el gobierno civil /

Guardat en:
Dades bibliogràfiques
Autor principal: Barbosa Guzmán, Francisco (autor)
Altres autors: Aldana Rendón, Mario Alfonso (coordinación general) (coordinación general)
Format: Llibre
Idioma:espanyol
Publicat: Guadalajara, México : Gobierno del Estado de Jalisco : Universidad de Guadalajara, 1988, c1988
Etiquetes: Afegir etiqueta
Sense etiquetes, Sigues el primer a etiquetar aquest registre!

MARC

LEADER 00000nam^a2200000^a^4500
001 000626055
005 20260220000000.0
009 20260310134027.856
020 |a 968-895-050-5 
020 |a 968-895-056-4 
037 |a Acervo ITESO - Biblioteca 
041 |a ESP 
091 |a FOB. 03946 
100 |a Barbosa Guzmán, Francisco  |e (autor) 
240 1 1 |a [Jalisco desde la Revolución] 
245 1 0 |a Jalisco desde la Revolución :  |b la Iglesia y el gobierno civil / 
264 4 |a Guadalajara, México :  |b Gobierno del Estado de Jalisco :  |b Universidad de Guadalajara,  |c 1988, c1988 
300 |a 570 p. 
336 |a texto  |b txt  |2 rdacontenido 
337 |a sin mediación  |b n  |2 rdamedio 
338 |a volumen  |b nc  |2 rdasoporte 
649 |a XX 
700 |a Aldana Rendón, Mario Alfonso  |e (coordinación general) 
910 |a Fondo Carlos de Obeso Orendain 
920 |a Impresos - Libros 
930 |a Fondos Especiales 
905 |a 147 
901 |a 626400-10  |b IT2  |c ESP  |i D  |u 20251218 
902 |a https://opac.biblio.iteso.mx/vufind/Record/000626055